000 01198cam a22002771 4500
001 gs 21000181
003 DLC
005 20260227111325.0
007 cr_|||||||||||
008 841001s1920 dcuabf f000 0 eng c
010 _ags 21000181
035 _a(OCoLC)11216071
040 _aU.S. Geol. survey. Library
_cCLS
_dDLC
050 0 0 _aTC801
_b.U2 no. 449
051 _aGB1025.C8
_bW3
100 1 _aWaring, Gerald A.
_q(Gerald Ashley),
_d1883-
245 1 0 _aGround water in the Meriden area, Connecticut /
_cby Gerald A. Waring.
260 _aWashington :
_bGovt. Print. Off.,
_c1920.
300 _a83 p., VII plates :
_bfold. maps, tables, diagrs. ;
_c23 cm.
440 0 _aU.S. Geological Survey water-supply paper ;
_v449
501 _aTC801.U2 no. 449 with: Surface water supply of the Pacific slope of southern California / by H.D. McGlashan. Washington : Govt. print off., 1921. Bound together subsequent to publication.
_5DLC
530 _aAlso available in digital form on the Internet Archive Web site.
650 0 _aWater-supply
_zConnecticut.
710 2 _aState Geological and Natural History Survey of Connecticut.
856 4 1 _uhttp://hdl.loc.gov/loc.gdc/scd0001.00199536643
999 _c26088
_d26088